Die Blitzgefahr; Nr. 2; Einfluss der Gas- und Wasserleitungen auf die Blitzgefahr

Bibliografiske detaljer
Institution som forfatter: Elektrotechnischer Verein
Andre forfattere: Neesen F. Friedrich (редактор)
Summary:В описании используется грамматика 19 века
Sprog:tysk
Udgivet: Berlin, Julius Springer, 1891
Fag:
Format: Bog
KOHA link:https://koha.lib.tpu.ru/cgi-bin/koha/opac-detail.pl?biblionumber=377197

MARC

LEADER 00000nam0a2200000 4500
001 377197
005 20231102012906.0
035 |a (RuTPU)RU\TPU\retro\34643 
090 |a 377197 
100 |a 20230213d1891 m y0gery50 ba 
101 0 |a ger 
102 |a DE 
105 |a a z 000zy 
200 1 |a Die Blitzgefahr  |f Elektrotechnischer Verein ; под ред. F. Neesen  |h Nr. 2  |i Einfluss der Gas- und Wasserleitungen auf die Blitzgefahr 
210 |a Berlin  |c Julius Springer  |a Munchen  |c R. Oldenbourg  |d 1891 
215 |a [4], 43 S.  |c il., tab. 
300 |a В описании используется грамматика 19 века 
316 |5 63413507: 26//295  |a На обложке владельческий штамп: "П. А. Вагнер" 
317 |5 63413507: 26//295  |a Поступил в НТБ в 1914 г. в дар от инженера Путей Сообщения П. А. Вагнера 
541 1 |a Опасность удара молнии  |h Ч.2  |i Влияние газопроводов и водопроводов на опасность удара молнии  |z ger 
606 1 |a Молниеотводы  |2 stltpush  |3 (RuTPU)RU\TPU\subj\44339  |9 63688 
610 1 |a молния 
610 1 |a молниезащита 
610 1 |a молниеотводы 
610 1 |a молниеустойчивость 
610 1 |a опасность 
610 1 |a газопроводы 
610 1 |a водопроводы 
610 1 |a Коллекция П. А. Вагнера 
610 1 |a владельческие знаки 
610 1 |a дары библиотеке 
610 1 |a немецкий язык 
675 |a 621.316.98  |v 3 
702 1 |a Neesen  |b F.  |g Friedrich  |4 340 
712 0 2 |a Elektrotechnischer Verein 
801 1 |a RU  |b 63413507  |c 20230213 
801 2 |a RU  |b 63413507  |c 20230214  |g RCR 
942 |c BK